| 000 | 01014nas a2200337 4500 | ||
|---|---|---|---|
| 001 | BR2012003511 | ||
| 003 | BR-BrBNA | ||
| 005 | 20231205120553.0 | ||
| 007 | ta | ||
| 008 | 230509b bl.|||p| |||| 00| 00por d | ||
| 040 |
_aBR-BrBNA _bpor _cBiblioteca Nacional de Agricultura |
||
| 041 | _a(Pt) | ||
| 072 | _aL02; L01 | ||
| 100 | 1 | _aRibeiro, T.M.D. | |
| 100 | 1 | _aCosta, C. | |
| 100 | 1 | _aMonteiro, A.L.G. | |
| 100 | 1 | _aPiazzeta, H. von L. | |
| 100 | 1 | _aFernandes, M.A.M. | |
| 100 | 1 | _aPrado, O.R. | |
| 245 | 1 | _aCarcaças e componentes não-carcaça de cordeiros terminados em pasto de azevém recebendo suplementação concentrada | |
| 650 | _aCORDEIRO | ||
| 650 | _aCARCAÇA | ||
| 650 | _aPASTAGEM | ||
| 650 | _aAZEVÉM | ||
| 650 | _aSUPLEMENTO CONCENTRADO | ||
| 650 | _aCONDIÇÃO CORPORAL | ||
| 650 | _aRENDIMENTO | ||
| 773 | 0 |
_tCiência Rural (Brazil) _xISSN 0103-8478 _g(Mar 2012), v. 42(3) p. 526-531 _wBR2012003511 |
|
| 909 |
_a202311 _bLúcia _c55 _dLúcia Elande |
||
| 942 |
_2AGRIS _n0 _cANA |
||
| 999 |
_c219190 _d219190 |
||